| 000 | 00350nam a2200145Ia 4500 | ||
|---|---|---|---|
| 008 | 230917s9999||||xx |||||||||||||| ||und|| | ||
| 040 |
_e29702 _aMAIN |
||
| 041 | _aEnglish | ||
| 082 | _a801.95 A27W | ||
| 100 | _aAlexander, Meena | ||
| 245 | 0 | _aWomen in romanticism | |
| 260 |
_aHyderabad _bOrient Longman _c1989 |
||
| 300 | _a215 p. | ||
| 942 | _cBK | ||
| 999 |
_c101778 _d101778 |
||